Budeme stavět rodinný domek

Saved in:
Bibliographic Details
Main Authors: Došla, B (Author), Fess, M. (Author), Fišer, L (Author)
Format: Book
Language:Czech
Published: Praha : SNTL, 1981
Edition:2. preprac. a dopln. vyd.
Tags: Add Tag
No Tags, Be the first to tag this record!

MARC

LEADER 00000nam a22000003a 4500
001 stu140013
005 20150617225926.0
008 070413s1981----xr------------------cze-d
040 |a STU  |b slo 
041 0 |a cze 
044 |a xr 
080 |a 728.3 
100 1 |a Došla, B  |4 aut 
245 1 |a Budeme stavět rodinný domek 
250 |a 2. preprac. a dopln. vyd. 
260 |a Praha :  |b SNTL,  |c 1981 
300 |a 205 s 
700 1 |a Fess, M.  |4 aut 
700 1 |a Fišer, L  |4 aut 
996 |b 284V036115  |c V*26209/O-10879  |l VVS  |s A  |a 24  |w stu140013_0001 
996 |b 284V036114  |c V*26210/O-10879a  |l VVS  |s A  |a 24  |w stu140013_0002 
996 |b 284V030075  |c V*28804/O-11318  |l VVS  |s A  |a 24  |w stu140013_0003 
996 |b 284V030063  |c V*28805/O-11318a  |l VVS  |s A  |a 24  |w stu140013_0004